000 00711cam a22002411 4500
001 4032
003 BD-RjUL
005 20211208233824.0
008 131221s1963 nyu b 001 0 eng d
035 _a(BD-RjUL)4066
035 _a(OCoLC)920834
040 _aDLC
_cOAU
_dCSdC-L
_dOCoLC
_dDLC
_d(BD-RjUL)
_beng
041 _aeng
082 _a341.01
_bJEL
100 1 _aJenks, C. Wilfred
_q(Clarence Wilfred),
_d1909-1973.
_910476
245 1 0 _aLaw, freedom, and welfare /
_cby C. Wilfred Jenks.
260 _aLondon :
_bStevens and Sons,
_c1963.
300 _axi, 162 p. ;
_c25 cm.
650 0 _aInternational law
_xPhilosophy.
_912833
942 _2ddc
_cBK
999 _c4032
_d4032